000 01032cam a22003253a 4500
001 12172
003 PGUSA
005 20140828083246.0
008 040401s2004||||xxu|||||s|||||000 1 eng d
040 _aPGUSA
_beng
042 _adc
050 4 _aPZ
100 1 _aStretton, Hesba,
_d1832-1911
245 1 0 _aAlone in London
_h[electronic resource] /
_cHesba Stretton
260 _bProject Gutenberg,
_c2004
506 _aPublic domain in the USA.
516 _aElectronic text
653 _aGrandfathers -- Juvenile fiction
653 _aChildren -- Hospitals -- Juvenile fiction
653 _aPoor -- Juvenile fiction
653 _aOrphans -- Juvenile fiction
653 _aReconciliation -- Juvenile fiction
653 _aChildren -- Death -- Juvenile fiction
653 _aChristian life -- Juvenile fiction
653 _aPoverty -- Juvenile fiction
653 _aHomeless children -- Juvenile fiction
830 0 _aProject Gutenberg
_v12172
856 4 0 _uhttp://www.gutenberg.org/ebooks/12172
942 _cEB
999 _c241427
_d241427